Văn học 7 T.1

Zapisane w:
Opis bibliograficzny
1. autor: Vũ, Ngọc Khánh
Kolejni autorzy: Tống, Trần Ngọc
Format: Książka
Język:Undetermined
Wydane: H. Giáo dục 1996
Hasła przedmiotowe:
Dostęp online:http://lrc.tdmu.edu.vn/opac/search/detail.asp?aID=2&ID=4906
Etykiety: Dodaj etykietę
Nie ma etykietki, Dołącz pierwszą etykiete!
Thư viện lưu trữ: Trung tâm Học liệu Trường Đại học Thủ Dầu Một
LEADER 00645nam a2200217Ia 4500
001 TDMU_4906
008 210410s9999 xx 000 0 und d
082 |a 807.071 
090 |b V500 
100 |a Vũ, Ngọc Khánh 
245 0 |a Văn học 7 
245 0 |c Vũ Ngọc Khánh 
245 0 |n T.1 
260 |a H. 
260 |b Giáo dục 
260 |c 1996 
300 |a 96tr 
650 |a Sách lớp 7  |v Giáo khoa; Văn học  |x Dạy và học 
700 |a Tống, Trần Ngọc 
856 |u http://lrc.tdmu.edu.vn/opac/search/detail.asp?aID=2&ID=4906 
980 |a Trung tâm Học liệu Trường Đại học Thủ Dầu Một